=LDR 00000nam 2200000 4500 =001 INLIS000000000015960 =005 20130612111232 =008 ***********************************Ind** =035 ##$$0010-061300000015960 =041 ##$$a Ind =082 ##$$a 372.8 =090 ##$$a 372.8, Ahm p =100 ##$$a Ahmadi, Abu =245 ##$$a Pendidikan Agama Islam (PAIS SD 94) 1 untuk kelas 1 sekolah dasar kurikulum pendidikan dasar 1994, Drs. Abu Ahmadi ; Drs.Maksum =260 ##$$a 1994 $b Solo =300 ##$$a 47 hlm., ils., 28 cm =650 ##$$a Pendidikan Dasar - Agama Islam =700 ##$$a Maksum =850 ##$$a NBPNMAT